000 00433nam a2200157 4500
001 110396
003 ES-MaACL
005 20230906185037.0
007 t|
008 061121s1970 sp r ||||1| spa d
100 1 _aOrdóñez Ancin, Jesús.
_987195
245 1 0 _aIntenta nervios de acero /
_cJesús Ordóñez Ancin.
260 _aMadrid :
_bStudium,
_c1970.
300 _a164 p. ;
_c18 cm.
852 _aES-MaACL
_jC-49190
_bR.75666
999 _c110396
_d110396